000 00523nam a2200193Ia 4500
005 20250508160737.0
008 008 250505s9999 xx 000 0 eng d
037 _aTextual
040 _aFEDL
_beng
_cFEDL
041 _aeng
_2eng
084 _a370, TIL
_qFEDL
100 _aTil William Van
_9765880
245 0 _aEducation : A beginning
260 _aBoston, USA
_bHoughton Mifflin Company
_c1971
300 _aix,591p.
650 _aEducation
942 _cTEXL
_h370, TIL
999 _c1366362
_d1366362